000 00297nam a2200133 i 4500
001 bg
100 1 _aISAKOVIC, M. A.
245 0 _aObscaja akustika /
_cM.A. Isaković.
260 _aMoskva,
_c1973.
040 _cBPK
041 _apol
942 _cKS
008 s pl f |000 0 pol
999 _c25808
_d25808
856 _uhttp://koha.tu.koszalin.pl/cgi-bin/koha/opac-detail.pl?biblionumber=25808
_yKatalog online BPK